<?xml version="1.0" encoding="UTF-8"?>
<record
    xmlns:xsi="http://www.w3.org/2001/XMLSchema-instance"
    xsi:schemaLocation="http://www.loc.gov/MARC21/slim http://www.loc.gov/standards/marcxml/schema/MARC21slim.xsd"
    xmlns="http://www.loc.gov/MARC21/slim">

  <leader>02523nam a22002537a 4500</leader>
  <controlfield tag="005">20130801160520.0</controlfield>
  <controlfield tag="008">130801b2011    cou||||| |||| 00| 0 spa d</controlfield>
  <datafield tag="020" ind1=" " ind2=" ">
    <subfield code="a">9781936221066</subfield>
  </datafield>
  <datafield tag="020" ind1=" " ind2=" ">
    <subfield code="a">1936221063</subfield>
  </datafield>
  <datafield tag="041" ind1=" " ind2=" ">
    <subfield code="a">eng</subfield>
  </datafield>
  <datafield tag="044" ind1=" " ind2=" ">
    <subfield code="a">xxu</subfield>
  </datafield>
  <datafield tag="082" ind1=" " ind2=" ">
    <subfield code="a">333.95</subfield>
    <subfield code="b">K183c</subfield>
  </datafield>
  <datafield tag="100" ind1="1" ind2=" ">
    <subfield code="a">Kareiva, Peter M., </subfield>
    <subfield code="d">1951 -</subfield>
    <subfield code="9">1206</subfield>
  </datafield>
  <datafield tag="245" ind1="1" ind2="0">
    <subfield code="a">Conservation science :</subfield>
    <subfield code="b">balancing the needs of people and nature / </subfield>
    <subfield code="c">Peter Kareiva and Michelle Marvier.</subfield>
  </datafield>
  <datafield tag="260" ind1=" " ind2=" ">
    <subfield code="a">Greenwood Village, Colo. </subfield>
    <subfield code="b">Roberts and Co., </subfield>
    <subfield code="c">c2011.</subfield>
  </datafield>
  <datafield tag="300" ind1=" " ind2=" ">
    <subfield code="a">xxix, 543 p. :</subfield>
    <subfield code="b">il., (col), maps</subfield>
    <subfield code="c">26 cm.</subfield>
  </datafield>
  <datafield tag="504" ind1=" " ind2=" ">
    <subfield code="a">Incluye referencias bibliogr&#xE1;ficas e &#xED;ndice</subfield>
  </datafield>
  <datafield tag="505" ind1="0" ind2=" ">
    <subfield code="a">Part I. Why conservation is needed -- 1. Humans are the dominant ecological force -- 2. Biodiversity and extinction -- 3. Ecosystem services: how nature pays for itself -- Part II. Policy, protected areas, and planning -- 4. Policy responses to biodiversity loss and ecosystem degradation -- 5. Conservation in protected areas and on private land -- 6. Conservation planning and priorities Part III. How science informs conservation strategies -- 7. The perils of small populations -- 8. Population size, trend, and viability -- 9. Assessing threats and choosing conservation actions -- 10. Islands of nature and the role of dispersal -- 11. Restoration and reintroduction: fixing problems after the fact -- 12. Adaptive management and evidence-based conservation -- Part IV. Conservation challenges in a world shaped by humans -- 13. Reversing global deforestation and forest degradation -- 14. Balancing agriculture and conservation -- 15. Building sustainable marine fisheries -- 16. Managing fresh water for people and nature -- 17. Getting practical about introduced species -- 18. Climate change on a global scale -- 19. Making conservation a success story.</subfield>
  </datafield>
  <datafield tag="520" ind1=" " ind2=" ">
    <subfield code="a">"Conservation Science was primarily written for undergraduates and beginning graduate students who are interested either in academic careers or in doing science-based conservation at government agencies, non-governmental organizations, or international institutions. It will also be of interest to those already involved in conservation who want to bolster their understanding of the field. It is essential reading for anyone who wants to understand the science that drives conservation policy and action."--Publisher&#x2019;s description.</subfield>
  </datafield>
  <datafield tag="650" ind1=" " ind2="0">
    <subfield code="a">Conservation biology.</subfield>
    <subfield code="9">1207</subfield>
  </datafield>
  <datafield tag="650" ind1=" " ind2="0">
    <subfield code="a">Nature</subfield>
    <subfield code="x">Effect of human beings on.</subfield>
    <subfield code="9">1208</subfield>
  </datafield>
  <datafield tag="700" ind1="1" ind2=" ">
    <subfield code="a">Marvier, Michelle.</subfield>
    <subfield code="9">1209</subfield>
  </datafield>
  <datafield tag="942" ind1=" " ind2=" ">
    <subfield code="2">ddc</subfield>
    <subfield code="c">Impreso</subfield>
  </datafield>
  <datafield tag="999" ind1=" " ind2=" ">
    <subfield code="c">7512</subfield>
    <subfield code="d">7512</subfield>
  </datafield>
  <datafield tag="952" ind1=" " ind2=" ">
    <subfield code="0">0</subfield>
    <subfield code="1">0</subfield>
    <subfield code="2">ddc</subfield>
    <subfield code="4">0</subfield>
    <subfield code="7">0</subfield>
    <subfield code="8">GENERAL</subfield>
    <subfield code="I">INV2017</subfield>
    <subfield code="a">Bogota</subfield>
    <subfield code="b">Bogota</subfield>
    <subfield code="d">2013-08-01</subfield>
    <subfield code="e">Instituto</subfield>
    <subfield code="g">39000.00</subfield>
    <subfield code="l">0</subfield>
    <subfield code="o">LB 333.95 K183c</subfield>
    <subfield code="p">028719</subfield>
    <subfield code="r">2013-08-01 00:00:00</subfield>
    <subfield code="t">Ej. 1</subfield>
    <subfield code="w">2013-08-01</subfield>
    <subfield code="y">LIBRO</subfield>
  </datafield>
</record>
